• 首页
  • 本馆介绍
  • 公告通知
  • 最新文献
  • 馆藏检索
  • 电子资源
  • 读者导购
  • 参考咨询
  • 我的图书馆
  • 登录
  • 详细信息显示
  • 放入我的书架
  • 预约/预借图书
  • 作者相关作品
  • 分类相关作品
  • 丛书相关作品
  • 出版社相关作品

书目信息

  • 表格格式
  • 工作单格式
  • 卡片格式
题名:
生物能源
    
 
作者: 达西亚 主编 ;艾莉 译
分册: 下册  
出版信息: 北京   中国三峡出版社  2017.01
页数: 571页
开本: 26cm
丛书名: 新能源科技译丛
单 册:
中图分类: TK6
科图分类:
主题词: 生物能源--研究
电子资源:
ISBN: 978-7-80223-980-7
000 00910oam2 2200277 450
001 4499
005 20181015085346.48
010    @a978-7-80223-980-7@dCNY60.00
100    @a20180412d2017 em y0chiy50 ea
101 1  @achi@ceng
102    @aCN@b110000
105    @aa z 000yy
200 1  @a生物能源@9sheng wu neng yuan@h下册@f(美)安瑞·达西亚主编@g艾莉[等]译
210    @a北京@c中国三峡出版社@d2017.01
215    @a571页@c图@d26cm
225 1  @a新能源科技译丛
305    @a爱思唯尔公司授权出版
312    @a版权页英文共同题名:Bioenergy
330    @a本册内容包括:生产具有成本效益的生物燃料的转化途径;生物燃料的经济学、可持续性与环境政策;测验与自测问题。
461  0 @12001 @a新能源科技译丛
606 0  @a生物能源@x研究
690    @aTK6@v5
701  0 @c(美)@a达西亚@9da xi ya@c(Dahiya, Anju)@4主编
702  0 @a艾莉@9ai li@4译
801  0 @aCN@b91MARC@c20180412
905    @aMuseLib@dTK6@e181:2
    
    生物能源.下册/(美)安瑞·达西亚主编/艾莉[等]译.-北京:中国三峡出版社,2017.01
    571页:图;26cm.-(新能源科技译丛)
    
    
    ISBN 978-7-80223-980-7:CNY60.00
    本册内容包括:生产具有成本效益的生物燃料的转化途径;生物燃料的经济学、可持续性与环境政策;测验与自测问题。
●
相关链接 在E读中查询图书 在五车中查询图书 在当当中查询图书 在豆瓣中查询图书


正题名:生物能源     索取号:TK6/181:2         预约/预借

序号 登录号 条形码 馆藏地/架位号 状态 备注
1 1125411   211254113   第二样本阅览室/ [索取号:TK6/181:2] 在馆    
2 1125412   211254122   密集书库-生命科学系/ [索取号:TK6/181:2] 在馆    
3 1125413   211254131   第三借阅区/ [索取号:TK6/181:2] 在馆    
4 1125414   211254140   第三借阅区/ [索取号:TK6/181:2] 在馆    
5 1125415   211254159   第三借阅区/ [索取号:TK6/181:2] 在馆    
唐山师范学院图书馆 欢迎您!
大连网信软件有限公司© 版权所有